Teología política desde España. Del nacionalcatolicismo y otros ensayos.

Saved in:
Bibliographic Details
Main Author: Alvarez Bolado, Alfonso (autor)
Format: Book
Language:English
Published: Bilbao, España: Desclée de Brouwer, 1999.
Series:Palimpsesto, Memoria del Cristianismo, Memoria humana,
Subjects:
Tags: Add Tag
No Tags, Be the first to tag this record!

MARC

LEADER 00000nam a22000007a 4500
003 CL-VaPUC
005 20250103100420.0
008 230927t1999 ||||| |||| 00| 0 eng d
999 |c 441871  |d 441869 
020 |a 84-330-1376-9 
040 |c Pontificia Universidad Católica de Valparaíso 
082 |2 22  |a 261.70946 ALV 1999 
100 |9 322803  |a Alvarez Bolado, Alfonso  |e autor 
245 |a Teología política desde España.   |b Del nacionalcatolicismo y otros ensayos. 
260 |a Bilbao, España:  |b Desclée de Brouwer,  |c 1999. 
300 |a 472 páginas. 
490 |a Palimpsesto, Memoria del Cristianismo, Memoria humana,   |n  2. 
500 |a c.1 Donación Sr. Jorge Precht Pizarro. 26-05-23. Biblioteca Teología. 
583 |c 20230927  |k Yessy Sthefany Diaz Vidal 
650 0 |a Iglesia Católica  |x Aspectos políticos   |z España  |9 256114 
650 0 |9 443181  |a Teología política  |x Catolicismo   |z España 
942 |2 ddc  |c BK 
952 |0 0  |1 0  |2 ddc  |4 0  |6 261_709460000000000_ALV_1999  |7 0  |8 A  |9 591718  |a BIBTEO  |b BIBTEO  |d 2023-09-27  |e Donación   |i 5658829  |o 261.70946 ALV 1999  |p 5658829  |r 2025-01-17  |t 1  |w 2023-09-27  |y BK  |k ICR